000 00292nam a22001217a 4500
008 170907b xxu||||| |||| 00| 0 eng d
041 _aeng
080 _24 ED
_a72
100 _a41
101 _aARK
245 _aMANUFACTURING PLANNING AND CONTROL SYSTEMS
_cBERRY.V
942 _2udc
_cBK
999 _c26535
_d26535